Administración pública y planeación del desarrollo /
Guardado en:
| Autores Corporativos: | , |
|---|---|
| Otros Autores: | |
| Formato: | Libro |
| Idioma: | Spanish |
| Publicado: |
Bogotá :
Escuela Superior de Administración Pública, Subdirección de Posgrado,
1986.
|
| Materias: | |
| Etiquetas: |
Agregar Etiqueta
Sin Etiquetas, Sea el primero en etiquetar este registro!
|
| LEADER | 01071nam a2200229 a 4500 | ||
|---|---|---|---|
| 001 | EAD.ead000821 | ||
| 008 | 930227s1986####ck#######b####100#0#spa#d | ||
| 005 | 20070621074748.0 | ||
| 245 | 1 | 0 | |a Administración pública y planeación del desarrollo / |c coodinador general, Adolfo Rodríguez Bernal. |
| 260 | |a Bogotá : |b Escuela Superior de Administración Pública, Subdirección de Posgrado, |c 1986. | ||
| 300 | |a 327 p. ; |c 24 cm. | ||
| 500 | |a Organizado por: Ministerio de Relaciones Exteriores, (Colombia), Fundación Friedrich Naumann y Escuela Superior de Administración Pública. | ||
| 504 | |a Incluye referencias bibliográficas. | ||
| 111 | 2 | |a Seminario Centroamericano y del Caribe |n (1o. : |d 1986 : |c Bogotá) | |
| 700 | 1 | |a Rodríguez Bernal, Adolfo. | |
| 710 | 2 | |a Escuela Superior de Administración Pública (Colombia). |b Subdirección de Posgrado. | |
| 082 | 0 | 4 | |a 350 |2 21 |
| 650 | 7 | |a Administración pública. |2 unbist | |
| 010 | |a 92100853 | ||
| 040 | |a DJBF |c DJBF |d DLC | ||
| 050 | 0 | 4 | |a JL960 |b .A36 1986 |
| 859 | |a AR-BaBDC |b BIB. ADMINISTRACION - Libros |h 350 |i Se51 |p b01979 | ||
